| 000 | 00616nam a22002177a 4500 | ||
|---|---|---|---|
| 001 | 86400 | ||
| 003 | UA-OsUOA | ||
| 005 | 20220517103158.0 | ||
| 007 | ta | ||
| 008 | 20120831b un ||||| |||| 00| 0 ukr d | ||
| 040 |
_aUA-OsUOA _brus _cUA-OsUOA _dUA-OsUOA |
||
| 041 | _arus | ||
| 080 | _a94(477).042.3 | ||
| 090 |
_a94(477).042.3 _bВ77 |
||
| 245 |
_aВоссоединение Украины с Россией _bсборник статей |
||
| 260 |
_aМ. _bАН СССР _c1954 |
||
| 300 | _a439 с. | ||
| 650 | 7 |
_a9 Географія. Біографії. Історія _2UDC |
|
| 942 |
_cBK _2udc |
||
| 955 | _a1 | ||
| 999 |
_c373252 _d373252 |
||